000 00395nam a2200169Ia 4500
999 _c37084
_d37084
003 0100
005 20190128085842.0
008 130303s9999 xx 000 0 und d
040 _cARRUPELIB
050 _aB741.B71967
100 _aDe Boer, Dr. T.J
_944196
245 4 _aThe History of Philosophy in Islam
260 _aNew York
260 _bDover Publications Inc
300 _a216p.
300 _b 22cm
942 _2lcc
_cREFERENCE